Hormone chemistry. V 2: Steroids, throid hormones, biogenic amines and prostaglandins (Record no. 26859)

MARC details
000 -LEADER
fixed length control field 00626nam a2200229Ia 4500
082 ## - DEWEY DECIMAL CLASSIFICATION NUMBER
Classification number 577.17
Item number BUT.2
100 ## - MAIN ENTRY--AUTHOR NAME
Personal name BUTT, W R
245 #0 - TITLE STATEMENT
Title Hormone chemistry. V 2: Steroids, throid hormones, biogenic amines and prostaglandins
250 ## - EDITION STATEMENT
Edition statement Ed.2
260 ## - PUBLICATION, DISTRIBUTION, ETC. (IMPRINT)
Place of publication Chichester
Name of publisher Ellis Tierwood Ltd
Year of publication 1976
650 ## - SUBJECT ADDED ENTRY--TOPICAL TERM
Topical Term Androgens
650 ## - SUBJECT ADDED ENTRY--TOPICAL TERM
Topical Term Catecholamines
650 ## - SUBJECT ADDED ENTRY--TOPICAL TERM
Topical Term Corticosteroids
650 ## - SUBJECT ADDED ENTRY--TOPICAL TERM
Topical Term Hormone chemistry
650 ## - SUBJECT ADDED ENTRY--TOPICAL TERM
Topical Term Oestrogeivs
650 ## - SUBJECT ADDED ENTRY--TOPICAL TERM
Topical Term Progesterone
650 ## - SUBJECT ADDED ENTRY--TOPICAL TERM
Topical Term Prostaglandins
650 ## - SUBJECT ADDED ENTRY--TOPICAL TERM
Topical Term Steroid
650 ## - SUBJECT ADDED ENTRY--TOPICAL TERM
Topical Term Thyroid hormone
942 ## - ADDED ENTRY ELEMENTS (KOHA)
Koha item type Books
Holdings
Withdrawn status Lost status Damaged status Not for loan Home library Current library Date acquired Full call number Accession Number Koha item type
        RRII Library RRII Library 16/12/2021 577.17 BUT.2 07490 Books